| 000 | 00811nam a2200277 a 4500 | ||
|---|---|---|---|
| 001 | ASIN1846146593 | ||
| 005 | 20170105102855.0 | ||
| 008 | 130827s xxu eng d | ||
| 020 | _a1846146593 (hardcover) | ||
| 020 | _a9781846146596 (hardcover) | ||
| 040 | _a0 | ||
| 050 | 0 | 4 | _aHD9569.E95 |
| 082 | 0 | 4 | _a338.762 |
| 100 | 1 | _aColl, Steve. | |
| 245 | 1 | 0 |
_aPrivate empire / _cSteve Coll. |
| 260 |
_a[S.l.] : _bAllen Lane, |
||
| 300 |
_a1 v. (unpaged) ; _c24 cm. |
||
| 650 | 0 | _aBig business | |
| 650 | 0 | _aCorporate power | |
| 650 | 0 | _aExxon Corporation | |
| 650 | 0 | _aExxon Mobil Corporation | |
| 650 | 0 | _aPetroleum industry and trade--Political aspects | |
| 650 | 0 | _aUnited States | |
| 856 | 4 | 0 |
_3Amazon.com _uhttp://www.amazon.com/exec/obidos/ASIN/1846146593/chopaconline-20 |
| 942 |
_2ddc _cBK |
||
| 999 |
_c14428 _d14428 |
||